书目信息 |
| 题名: |
天安门诗抄
|
|
| 作者: | 童怀周 编 | |
| 分册: | ||
| 出版信息: | 北京 人民文学出版社 1978 |
|
| 页数: | 365页 | |
| 开本: | 19cm | |
| 丛书名: | ||
| 单 册: | ||
| 中图分类: | I287.2 | |
| 科图分类: | ||
| 主题词: | 诗词--中国--现代--选集 , 儿童文学--中国 , 儿童文学--中国--丛书 | |
| 电子资源: | ||
| ISBN: | ||
| 000 | 00629nam0 2200241 45 | |
| 001 | 0178003400 | |
| 005 | 20060819090336.04 | |
| 010 | @dCNY0.83 | |
| 091 | @a10019.2718 | |
| 100 | @a19950718d1978 em y0chiy0121 ea | |
| 101 | 0 | @achi |
| 102 | @aCN@b110000 | |
| 105 | @af z 000gy | |
| 200 | 10 | @a天安门诗抄@Atian an men shi chao@f童怀周编 |
| 210 | @a北京@c人民文学出版社@d1978 | |
| 215 | @a365页@c照片@d19cm | |
| 606 | @a诗词@y中国@z现代@x选集 | |
| 606 | 0 | @a儿童文学@x中国 |
| 606 | 0 | @a儿童文学@x中国@x丛书 |
| 690 | @aI287.2 | |
| 701 | 0 | @a童怀周@Atong huai zhou@4编 |
| 801 | 0 | @aCN@bNLC@c20060819 |
| 905 | @dI287.2@e1 | |
| 天安门诗抄/童怀周编.-北京:人民文学出版社,1978 |
| 365页:照片;19cm |
| ISBN :CNY0.83 |
| ● |
| 相关链接 |
|
|
|
|
正题名:天安门诗抄
索取号:I287.2/1
 
预约/预借
| 序号 | 登录号 | 条形码 | 馆藏地/架位号 | 状态 | 备注 |
| 1 | 0002411 | 000891333 | 密集书库/ [索取号:I287.2/1] | 在馆 | |
| 2 | 0002413 | 000890441 | 第一样本阅览室/ [索取号:I287.2/1] | 在馆 | |
| 3 | 0002416 | 000891342 | 第二借阅区/ [索取号:I287.2/1] | 在馆 | |
| 4 | 0449591 | 204495910 | 密集书库/ [索取号:I287.2/1] | 在馆 | |
| 5 | 0450994 | 204509941 | 密集书库/ [索取号:I287.2/1] | 在馆 | |
| 6 | 0450995 | 204509950 | 密集书库/ [索取号:I287.2/1] | 在馆 | |
| 7 | 0451156 | 204511563 | 密集书库/ [索取号:I287.2/1] | 在馆 | |
| 8 | 0451157 | 204511572 | 密集书库/ [索取号:I287.2/1] | 在馆 | |
| 9 | 0457007 | 204570071 | 密集书库/ [索取号:I287.2/1] | 在馆 | |
| 10 | 0457008 | 204570080 | 密集书库/ [索取号:I287.2/1] | 在馆 | |
| 11 | 0457831 | 204578313 | 密集书库/ [索取号:I287.2/1] | 在馆 | |
| 12 | 0457832 | 204578322 | 密集书库/ [索取号:I287.2/1] | 在馆 | |
| 13 | 0469763 | 204697630 | 密集书库/ [索取号:I287.2/1] | 在馆 |